<?xml version="1.0" encoding="UTF-8"?><?xml-stylesheet type="text/xsl" href="static/style.xsl"?><OAI-PMH xmlns="http://www.openarchives.org/OAI/2.0/" xmlns:xsi="http://www.w3.org/2001/XMLSchema-instance" xsi:schemaLocation="http://www.openarchives.org/OAI/2.0/ http://www.openarchives.org/OAI/2.0/OAI-PMH.xsd"><responseDate>2026-04-17T10:29:17Z</responseDate><request verb="GetRecord" identifier="oai:www.recercat.cat:2445/222867" metadataPrefix="marc">https://recercat.cat/oai/request</request><GetRecord><record><header><identifier>oai:recercat.cat:2445/222867</identifier><datestamp>2025-12-05T14:27:18Z</datestamp><setSpec>com_2072_1057</setSpec><setSpec>col_2072_478778</setSpec><setSpec>col_2072_478909</setSpec><setSpec>col_2072_478917</setSpec></header><metadata><record xmlns="http://www.loc.gov/MARC21/slim" xmlns:dcterms="http://purl.org/dc/terms/" xmlns:xsi="http://www.w3.org/2001/XMLSchema-instance" xmlns:doc="http://www.lyncode.com/xoai" xsi:schemaLocation="http://www.loc.gov/MARC21/slim http://www.loc.gov/standards/marcxml/schema/MARC21slim.xsd">
   <leader>00925njm 22002777a 4500</leader>
   <datafield ind2=" " ind1=" " tag="042">
      <subfield code="a">dc</subfield>
   </datafield>
   <datafield ind2=" " ind1=" " tag="720">
      <subfield code="a">Peralta-Serrano, Marc</subfield>
      <subfield code="e">author</subfield>
   </datafield>
   <datafield ind2=" " ind1=" " tag="720">
      <subfield code="a">Hernández, José Carlos</subfield>
      <subfield code="e">author</subfield>
   </datafield>
   <datafield ind2=" " ind1=" " tag="720">
      <subfield code="a">Guet, Romain</subfield>
      <subfield code="e">author</subfield>
   </datafield>
   <datafield ind2=" " ind1=" " tag="720">
      <subfield code="a">González-Delgado, Sara</subfield>
      <subfield code="e">author</subfield>
   </datafield>
   <datafield ind2=" " ind1=" " tag="720">
      <subfield code="a">Pérez-Sorribes, Laia</subfield>
      <subfield code="e">author</subfield>
   </datafield>
   <datafield ind2=" " ind1=" " tag="720">
      <subfield code="a">Lopes, Evandro P.</subfield>
      <subfield code="e">author</subfield>
   </datafield>
   <datafield ind2=" " ind1=" " tag="720">
      <subfield code="a">Pérez Portela, Rocío</subfield>
      <subfield code="e">author</subfield>
   </datafield>
   <datafield ind2=" " ind1=" " tag="260">
      <subfield code="c">2025-09-01T10:22:47Z</subfield>
   </datafield>
   <datafield ind2=" " ind1=" " tag="260">
      <subfield code="c">2025-09-01T10:22:47Z</subfield>
   </datafield>
   <datafield ind2=" " ind1=" " tag="260">
      <subfield code="c">2024-09-28</subfield>
   </datafield>
   <datafield ind2=" " ind1=" " tag="260">
      <subfield code="c">2025-09-01T10:22:47Z</subfield>
   </datafield>
   <datafield ind2=" " ind1=" " tag="520">
      <subfield code="a">The sea urchin Diadema africanum is a macro-herbivore found in the rocky reef systems of the West African region and Macaronesian archipelagos. Over several decades, high densities of this species have generated marine barrens in certain areas at the Canary Islands. In contrast, more recently, during the last few years, the species has suffered mass mortality events that continue to the present day. In this study, we used 9,109 Single Nucleotide Polymorphisms (SNPs) and a fragment of a mitochondrial gene to evaluate the species’ population structure, effects of mass mortalities on its diversity, and potential local adaptation across the Canary Islands and Cabo Verde. Our research provides compelling evidence of low genomic diversity and homogeneity across the studied area for neutral markers, along with recent demographic fluctuations. The high connectivity among distant areas likely allows a rapid recovering of the populations from local mortality events. Interestingly, we also observed genomic sub-structure from 405 SNPs identified as candidate loci under selection for seawater temperature. The lack of divergence among distant sites and the low diversity found can be attributed to the species’ divergence from a small ancestral genomic pool, followed by a contemporary demographic expansion, and ongoinggene flow.</subfield>
   </datafield>
   <datafield tag="653" ind2=" " ind1=" ">
      <subfield code="a">Genètica de poblacions</subfield>
   </datafield>
   <datafield tag="653" ind2=" " ind1=" ">
      <subfield code="a">Eriçons de mar</subfield>
   </datafield>
   <datafield tag="653" ind2=" " ind1=" ">
      <subfield code="a">Macaronèsia</subfield>
   </datafield>
   <datafield tag="653" ind2=" " ind1=" ">
      <subfield code="a">Population Genetics</subfield>
   </datafield>
   <datafield tag="653" ind2=" " ind1=" ">
      <subfield code="a">Sea urchins</subfield>
   </datafield>
   <datafield tag="653" ind2=" " ind1=" ">
      <subfield code="a">Macaronesia</subfield>
   </datafield>
   <datafield ind2="0" ind1="0" tag="245">
      <subfield code="a">Population genomic structure of the sea urchin Diadema africanum,a relevant species in the rocky reef systems across the Macaronesianarchipelagos</subfield>
   </datafield>
</record></metadata></record></GetRecord></OAI-PMH>